[Event "FIDE Grand Prix"]
[Site "Baku AZE"]
[Date "2014.10.03"]
[Round "2"]
[White "Caruana, Fabiano"]
[Black "Gelfand, Boris"]
[WhiteElo "2844"]
[BlackElo "2748"]
[Result "1/2-1/2"]
[EventDate "2014.10.02"]

1. e4 c5 2. Nf3 d6 3. d4 cxd4 4. Nxd4 Nf6 5. Nc3 a6 6. f3 e5 7. Nb3 Be6 8. Be3
h5 9. Qd2 Nbd7 10. Nd5 Bxd5 11. exd5 g6 12. Be2 Bg7 13. Na5 Qc7 14. c4 e4 15.
O-O exf3 16. gxf3 O-O 17. b4 Rfe8 18. Rac1 Rxe3 19. Qxe3 Re8 20. Qd2 Kh7 21. Nb3
Bh6 22. f4 Ne4 23. Qe1 Ndf6 24. Bd3 Qd7 25. Rc2 Qh3 26. Qd1 Bxf4 27. Qf3 Qxf3
28. Rxf3 Ng5 29. Rf1 Re3 30. Nc1 Ng4 31. c5 dxc5 32. bxc5 Re8 33. h4 Re3 34.
hxg5 Rg3+ 35. Kh1 Rh3+ 36. Kg2 Rg3+ 37. Kh1 Rh3+ 1/2-1/2

[Event "FIDE Grand Prix"]
[Site "Baku AZE"]
[Date "2014.10.04"]
[Round "3"]
[White "Nakamura, Hikaru"]
[Black "Caruana, Fabiano"]
[WhiteElo "2764"]
[BlackElo "2844"]
[Result "1/2-1/2"]
[EventDate "2014.10.02"]

1. d4 d5 2. c4 e6 3. Nc3 Be7 4. cxd5 exd5 5. Bf4 c6 6. e3 Bf5 7. g4 Be6 8. h4
Nd7 9. Bg3 Nb6 10. f3 Bd6 11. Bxd6 Qxd6 12. Qc2 h5 13. g5 Ne7 14. Bd3 O-O 15.
Nge2 Rac8 16. Rd1 g6 17. Kf2 a6 18. b4 Bf5 19. Bxf5 Nxf5 20. e4 Ng7 21. Qb3 Nc4
22. e5 Qe6 23. Nf4 Qe7 24. Ne4 dxe4 25. Qxc4 Ne6 26. Ne2 exf3 27. Ng3 a5 28. a3
axb4 29. axb4 Ra8 30. Ne4 Ra3 31. Rd2 Nf4 32. Rb1 Kg7 33. Rb3 Rfa8 34. Nf6 Ra2
35. Rxa2 Rxa2+ 36. Kxf3 Ng2 37. Kg3 Ne1 38. Re3 Nc2 39. Qxa2 Nxe3 40. Qa8 Qf8
41. Qxb7 Nf5+ 42. Kh3 Nxd4 43. Qd7 Qxb4 44. Qd8 Qc3+ 45. Kg2 Qd2+ 46. Kh3 Qd3+
47. Kg2 Qf3+ 48. Kh2 Qf2+ 49. Kh3 Qf1+ 50. Kh2 Qf2+ 1/2-1/2

[Event "FIDE Grand Prix"]
[Site "Baku AZE"]
[Date "2014.10.05"]
[Round "4"]
[White "Caruana, Fabiano"]
[Black "Mamedyarov, Shakhriyar"]
[WhiteElo "2844"]
[BlackElo "2764"]
[Result "1-0"]
[EventDate "2014.10.02"]

1. d4 d5 2. c4 c6 3. Nf3 Nf6 4. e3 Bg4 5. Nc3 e6 6. Qb3 Qb6 7. Nh4 Bh5 8. h3 g5
9. Nf3 h6 10. c5 Qc7 11. Bd3 Rg8 12. Qc2 Nbd7 13. b4 Be7 14. Bb2 g4 15. hxg4
Rxg4 16. Kf1 O-O-O 17. Ne2 Rdg8 18. Nf4 Rxf4 19. exf4 Bxf3 20. gxf3 Qxf4 21. Ke2
Rg2 22. Qc1 Qg3 23. Qf1 Ng4 24. fxg4 Qxg4+ 25. Kd2 Qf4+ 26. Ke2 Qg4+ 27. Ke1 Ne5
28. Be2 Qe4 29. Kd1 Bg5 30. dxe5 Qxb4 31. Kc2 Qxc5+ 32. Kb1 Rxf2 33. Qd1 Qe3 34.
Re1 1-0

[Event "FIDE Grand Prix"]
[Site "Baku AZE"]
[Date "2014.10.07"]
[Round "5"]
[White "Radjabov, Teimour"]
[Black "Caruana, Fabiano"]
[WhiteElo "2726"]
[BlackElo "2844"]
[Result "1/2-1/2"]
[EventDate "2014.10.02"]

1. d4 Nf6 2. c4 e6 3. Nf3 d5 4. Nc3 Be7 5. Bg5 h6 6. Bh4 O-O 7. e3 Ne4 8. Bxe7
Qxe7 9. Rc1 c6 10. Bd3 Nxc3 11. Rxc3 dxc4 12. Bxc4 Nd7 13. O-O b6 14. Bd3 c5 15.
Be4 Rb8 16. Qc2 a5 17. Rc1 Ba6 18. Bc6 Rfc8 19. Bxd7 Qxd7 20. dxc5 Rxc5 21. Rxc5
bxc5 22. b3 Rc8 23. Qc3 a4 24. Qa5 Bb7 25. Qxa4 Qxa4 26. bxa4 Ra8 27. Rxc5 Rxa4
28. Rc2 Bd5 29. Ne5 Rxa2 30. Rc8+ Kh7 31. f3 f6 32. Nd7 e5 33. e4 Bb3 34. Rc7 1/2-1/2

[Event "FIDE Grand Prix"]
[Site "Baku AZE"]
[Date "2014.10.09"]
[Round "7"]
[White "Andreikin, Dmitry"]
[Black "Caruana, Fabiano"]
[WhiteElo "2722"]
[BlackElo "2844"]
[Result "1-0"]
[EventDate "2014.10.02"]

1. e4 d5 2. exd5 Qxd5 3. Nc3 Qd6 4. d4 Nf6 5. Nf3 g6 6. Nb5 Qb6 7. Be2 c6 8. Na3
Bg7 9. O-O O-O 10. c3 Qc7 11. Bg5 Bf5 12. Qc1 Nbd7 13. Bf4 Qc8 14. Rd1 Rd8 15.
Nc4 c5 16. d5 Nb6 17. d6 Qe6 18. Bf1 Nxc4 19. Ng5 Qc8 20. Bxc4 e6 21. Be5 Qc6
22. a4 a6 23. Be2 c4 24. Rd4 Qc5 25. Nf3 b5 26. h3 h6 27. d7 Qe7 28. axb5 axb5
29. Rxa8 Rxa8 30. Qd1 Nd5 31. Bxg7 Kxg7 32. Ne5 f6 33. Nc6 Qxd7 34. Nb4 Qa7 35.
g4 Bd3 36. Bxd3 cxd3 37. Qxd3 Qa1+ 38. Kg2 Qxb2 39. Nxd5 exd5 40. Rxd5 Ra7 41.
Rxb5 Qa2 42. Rd5 Qa4 43. Rd6 Qe8 44. Qd4 Qa8+ 45. Kh2 Rf7 46. c4 Qe8 47. c5 Qe5+
48. Qxe5 fxe5 49. Kg2 Rf4 50. Re6 Re4 51. f3 Re2+ 52. Kf1 Rd2 53. Rxe5 Kf6 54.
Re2 Rd1+ 55. Re1 Rd3 56. Rc1 Rxf3+ 57. Ke2 Ra3 58. c6 Ra8 59. c7 Rc8 60. Rc5 Ke6
61. Kd3 h5 62. g5 Kd6 63. Kc4 h4 64. Kb5 1-0

[Event "FIDE Grand Prix"]
[Site "Baku AZE"]
[Date "2014.10.10"]
[Round "8"]
[White "Kasimdzhanov, Rustam"]
[Black "Caruana, Fabiano"]
[WhiteElo "2706"]
[BlackElo "2844"]
[Result "1/2-1/2"]
[EventDate "2014.10.02"]

1. d4 Nf6 2. c4 g6 3. Nc3 d5 4. Nf3 Bg7 5. Qb3 dxc4 6. Qxc4 O-O 7. e4 a6 8. e5
b5 9. Qb3 Nfd7 10. Be2 c5 11. e6 fxe6 12. Qxe6+ Kh8 13. dxc5 Ne5 14. Qd5 Qxd5
15. Nxd5 Nxf3+ 16. Bxf3 Bb7 17. Nc7 Bxf3 18. gxf3 Ra7 19. Ne6 Rxf3 20. Ke2 Rf6
21. Nxg7 Kxg7 22. Be3 Nc6 23. Rad1 Rf5 24. h4 Kf7 25. Rh3 Rc7 26. a3 Ke6 27. h5
gxh5 28. Rdh1 Kd5 29. Rd1+ Ke6 30. Rdh1 Kd5 31. Rd1+ Ke6 1/2-1/2

[Event "FIDE Grand Prix"]
[Site "Baku AZE"]
[Date "2014.10.12"]
[Round "9"]
[White "Caruana, Fabiano"]
[Black "Grischuk, Alexander"]
[WhiteElo "2844"]
[BlackElo "2797"]
[Result "0-1"]
[EventDate "2014.10.02"]

1. d4 Nf6 2. c4 g6 3. f3 c5 4. dxc5 e6 5. Be3 b6 6. Nc3 Ba6 7. cxb6 axb6 8. Bg5
h6 9. Bh4 g5 10. Bf2 Bxc4 11. e4 Bxf1 12. Kxf1 Nc6 13. Nge2 Bc5 14. Nd4 Qe7 15.
Ncb5 Kf8 16. a3 Nxd4 17. Nxd4 Kg7 18. b4 Bxd4 19. Bxd4 e5 20. Bxb6 Qe6 21. Be3
d5 22. Qb3 Rhb8 23. Ke2 Qa6+ 24. Qd3 Qe6 25. Qb3 Qa6+ 26. Qd3 Qe6 27. exd5 Nxd5
28. Kf2 Rd8 29. Qc4 Qf5 30. Rhe1 Rac8 31. Bc5 Nf4 32. Kg1 Rd2 33. Ra2 Nxg2 34.
Rxd2 Nxe1 35. Rf2 Nxf3+ 36. Kg2 e4 37. Re2 Re8 38. a4 Qf4 39. Kh1 Rd8 40. Qc3+
f6 41. Qc2 Rd3 42. a5 Ne1 43. Rxe1 Rd2 44. Qxd2 Qxd2 45. Re3 f5 46. Kg1 Qa2 47.
Re1 f4 48. a6 e3 49. Bd4+ Kg6 50. Ra1 Qf2+ 51. Kh1 Qf3+ 52. Kg1 Qg4+ 0-1

[Event "FIDE Grand Prix"]
[Site "Baku AZE"]
[Date "2014.10.13"]
[Round "10"]
[White "Dominguez Perez, Leinier"]
[Black "Caruana, Fabiano"]
[WhiteElo "2751"]
[BlackElo "2844"]
[Result "0-1"]
[EventDate "2014.10.02"]

1. c4 c5 2. g3 g6 3. Bg2 Bg7 4. Nc3 Nc6 5. Rb1 b6 6. a3 Bb7 7. b4 d6 8. Bb2 e6
9. Nb5 Bxb2 10. Rxb2 Nge7 11. e3 O-O 12. Nf3 Ne5 13. d3 Bxf3 14. Bxf3 d5 15. Be2
d4 16. exd4 cxd4 17. a4 a6 18. Na3 a5 19. O-O axb4 20. Rxb4 Qd6 21. Nc2 Nd7 22.
Qa1 e5 23. f4 f6 24. Rb5 Nc5 25. fxe5 fxe5 26. Rxf8+ Rxf8 27. a5 bxa5 28. Qxa5
Nc6 29. Qe1 e4 30. Nb4 Ne5 31. dxe4 d3 32. Bd1 Qd4+ 33. Kg2 d2 34. Qe2 Nxe4 0-1

[Event "FIDE Grand Prix"]
[Site "Baku AZE"]
[Date "2014.10.14"]
[Round "11"]
[White "Caruana, Fabiano"]
[Black "Tomashevsky, Evgeny"]
[WhiteElo "2844"]
[BlackElo "2701"]
[Result "1/2-1/2"]
[EventDate "2014.10.02"]

1. e4 e5 2. Nf3 Nc6 3. Bb5 a6 4. Ba4 Nf6 5. O-O Be7 6. Re1 b5 7. Bb3 O-O 8. a4
Bb7 9. d3 d6 10. Nbd2 Na5 11. Ba2 c5 12. Nf1 bxa4 13. Ne3 Bc6 14. Nh4 Bd7 15.
Nhf5 Rb8 16. Qf3 Kh8 17. Qg3 Nh5 18. Qg4 g6 19. Qf3 Nc6 20. c3 Nf4 21. Nxe7 Qxe7
22. Nd5 Nxd5 23. Bxd5 f6 24. Qg3 Rb6 25. f4 exf4 26. Bxf4 Ne5 27. d4 g5 28. Bc1
cxd4 29. cxd4 Ng6 30. Qf2 Bc6 31. Be6 Rb4 32. Bf5 Nh4 33. d5 Bb5 34. Ra3 1/2-1/2

[Event "C.to Europeo U08"]
[Site "Batumi GEO"]
[Date "2014.10.22"]
[Round "4"]
[White "Larichev, Prokhor"]
[Black "Paduano, Claudio"]
[WhiteElo "1373"]
[BlackElo "1610"]
[Result "1-0"]
[PlyCount "71"]
[EventDate "2014.10.19"]

1. e4 Nc6 2. d4 e5 3. d5 Nce7 4. Nf3 Ng6 5. c4 Nf6 6. Bd3 Bc5 7. a3 a5 8. Nc3
O-O 9. h4 h5 10. Na4 d6 11. Nxc5 dxc5 12. Be3 b6 13. Bg5 Bg4 14. Qd2 Qd6 15.
Nh2 Bd7 16. g3 c6 17. Qe2 Ng4 18. Nxg4 Bxg4 19. f3 Bd7 20. g4 Nf4 21. Bxf4 exf4
22. e5 Qe7 23. d6 Qe8 24. gxh5 f6 25. h6 Qxe5 26. Be4 f5 27. Bd5+ cxd5 28. Qxe5
Rae8 29. Qxe8 Rxe8+ 30. Kf2 d4 31. Rhg1 Bc6 32. Rxg7+ Kh8 33. Re1 d3 34. Rxe8+
Bxe8 35. d7 Bxd7 36. Rxd7 1-0

[Event "C.to Europeo U08"]
[Site "Batumi GEO"]
[Date "2014.10.24"]
[Round "6"]
[White "Daneshvar, Bardiya"]
[Black "Paduano, Claudio"]
[WhiteElo "1509"]
[BlackElo "1610"]
[Result "1/2-1/2"]
[PlyCount "88"]
[EventDate "2014.10.19"]

1. e4 c5 2. c3 d5 3. exd5 Qxd5 4. d4 Nf6 5. Nf3 Bg4 6. Be2 e6 7. O-O Be7 8. h3
Bh5 9. Be3 cxd4 10. cxd4 Nc6 11. Nc3 Qd6 12. Nb5 Qd8 13. a3 O-O 14. Qd2 Rc8 15.
Rad1 Re8 16. Rfe1 Nd5 17. Nc3 Nxc3 18. Qxc3 Na5 19. Qd2 Bg6 20. b4 Nc6 21. Ne5
Nxe5 22. dxe5 Qxd2 23. Rxd2 Red8 24. Red1 Rxd2 25. Rxd2 a6 26. Rd1 Be4 27. Rd7
Kf8 28. f3 Bd5 29. Bb6 Rc6 30. Rc7 Rxc7 31. Bxc7 Bg5 32. Bd1 Bf4 33. Kf2 f6 34.
Bc2 g6 35. Bd3 Bxe5 36. Bxe5 fxe5 37. Kg3 Kf7 38. Kg4 Kf6 39. Kg3 h5 40. h4 g5
41. a4 Bb3 42. a5 Ba4 43. Kh3 Bb5 44. Bb1 Be8 1/2-1/2

[Event "C.to Europeo U08"]
[Site "Batumi GEO"]
[Date "2014.10.26"]
[Round "7"]
[White "Paduano, Claudio"]
[Black "Anghel, Iulian-Mihai"]
[WhiteElo "1610"]
[BlackElo "1455"]
[Result "1-0"]
[PlyCount "47"]
[EventDate "2014.10.19"]

1. e4 c6 2. d4 d5 3. Nc3 dxe4 4. Nxe4 Bf5 5. Ng3 Bg6 6. Bc4 e6 7. N1e2 Bd6 8.
O-O Qc7 9. f4 Ne7 10. Bd3 Bxd3 11. Qxd3 O-O 12. h3 Nd7 13. f5 e5 14. Nh5 f6 15.
dxe5 Bxe5 16. Bf4 Rf7 17. Rad1 Nf8 18. Qf3 Bxf4 19. Nexf4 Rd8 20. Ne6 Nxe6 21.
fxe6 Rff8 22. Rd3 Qe5 23. Rd7 Qxb2 24. Rxe7 1-0

[Event "C.to Europeo U10"]
[Site "Batumi GEO"]
[Date "2014.10.20"]
[Round "2"]
[White "Bjerre, Jonas"]
[Black "Bettalli, Francesco"]
[WhiteElo "2158"]
[BlackElo "1653"]
[Result "1-0"]
[PlyCount "49"]
[EventDate "2014.10.19"]

1. e4 c5 2. Nf3 g6 3. d4 cxd4 4. Nxd4 Bg7 5. c4 Nc6 6. Be3 Nf6 7. Nc3 Ng4 8.
Qxg4 Nxd4 9. Qd1 Ne6 10. Be2 O-O 11. O-O b6 12. Qd2 Re8 13. Rfd1 d6 14. Rac1
Bb7 15. f3 Rc8 16. Nb5 a6 17. Nc3 Bc6 18. Nd5 Rb8 19. b3 Nf8 20. Qe1 Bxd5 21.
cxd5 Nd7 22. Bxa6 b5 23. Qb4 Bh6 24. Bxh6 Qb6+ 25. Qd4 1-0

[Event "C.to Europeo U10"]
[Site "Batumi GEO"]
[Date "2014.10.22"]
[Round "4"]
[White "Privalov, Igor"]
[Black "Bettalli, Francesco"]
[WhiteElo "1963"]
[BlackElo "1653"]
[Result "1-0"]
[PlyCount "53"]
[EventDate "2014.10.19"]

1. e4 c5 2. Nf3 d6 3. d4 cxd4 4. Nxd4 Nf6 5. Nc3 g6 6. Be2 Bg7 7. Be3 Nc6 8.
O-O O-O 9. Kh1 Bd7 10. f4 Nxd4 11. Bxd4 Bc6 12. Bf3 Nd7 13. Nd5 Bxd5 14. Bxg7
Kxg7 15. Qxd5 Rc8 16. Qxb7 Rxc2 17. Qxa7 Nc5 18. b4 Qd7 19. Qxd7 Nxd7 20. a4
Rc4 21. Rfb1 Rb8 22. b5 Nb6 23. a5 Na8 24. b6 Rc6 25. e5 Rc4 26. Bxa8 Rxa8 27.
b7 1-0

[Event "C.to Europeo U10"]
[Site "Batumi GEO"]
[Date "2014.10.23"]
[Round "5"]
[White "Bettalli, Francesco"]
[Black "Lominadze, Giorgi"]
[WhiteElo "1653"]
[BlackElo "1396"]
[Result "1/2-1/2"]
[PlyCount "31"]
[EventDate "2014.10.19"]

1. d4 d5 2. c4 e6 3. Nc3 Nf6 4. Bg5 Nbd7 5. e3 c6 6. Nf3 Qa5 7. Nd2 Bb4 8. Qc2
O-O 9. Bxf6 Nxf6 10. Bd3 h6 11. O-O dxc4 12. Nxc4 Qc7 13. Ne2 Qe7 14. e4 b5 15.
Ne5 Bd6 16. Nxc6 1/2-1/2

[Event "C.to Europeo U10"]
[Site "Batumi GEO"]
[Date "2014.10.24"]
[Round "6"]
[White "Tsvetkov, Andrey"]
[Black "Bettalli, Francesco"]
[WhiteElo "1875"]
[BlackElo "1653"]
[Result "1-0"]
[PlyCount "59"]
[EventDate "2014.10.19"]

1. Nf3 c5 2. g3 d5 3. Bg2 Nc6 4. d4 e6 5. O-O cxd4 6. Nxd4 Bc5 7. Nxc6 bxc6 8.
c4 Bd7 9. Qc2 Rc8 10. Nc3 Nf6 11. Rd1 O-O 12. b3 Qe7 13. Bb2 Rfd8 14. Rac1 a6
15. h3 Nh5 16. Nb1 Nxg3 17. b4 Nxe2+ 18. Qxe2 Bxb4 19. Nc3 Qg5 20. Kh1 Re8 21.
Rg1 Qh4 22. Nd1 Bd6 23. Be5 Bxe5 24. Qxe5 f6 25. Qe3 d4 26. Qd3 e5 27. Rc2 Qh5
28. Qg3 g6 29. f3 Rb8 30. Nf2 1-0

[Event "C.to Europeo U10"]
[Site "Batumi GEO"]
[Date "2014.10.26"]
[Round "7"]
[White "Bettalli, Francesco"]
[Black "Salamov, Matin"]
[WhiteElo "1653"]
[BlackElo "1478"]
[Result "1-0"]
[PlyCount "21"]
[EventDate "2014.10.19"]

1. d4 Nf6 2. c4 e5 3. dxe5 Ng4 4. Bf4 Bc5 5. e3 Nc6 6. Qxg4 g6 7. Bg5 Be7 8.
Bxe7 Qxe7 9. Nf3 Nxe5 10. Nxe5 Qxe5 11. Qd4 1-0

[Event "C.to Europeo U10 femminile"]
[Site "Batumi GEO"]
[Date "2014.10.19"]
[Round "1"]
[White "Sheikh, Samia Zannat"]
[Black "Mikhailova, Alina"]
[WhiteElo "1617"]
[BlackElo "1398"]
[Result "1-0"]
[PlyCount "61"]
[EventDate "2014.10.19"]

1. d4 d5 2. c4 c6 3. Nc3 Nf6 4. f3 e6 5. e4 dxe4 6. fxe4 Bb4 7. e5 Ne4 8. Nge2
c5 9. d5 exd5 10. cxd5 Bg4 11. Bd2 Qh4+ 12. g3 Nxg3 13. Bg5 Qxg5 14. hxg3 Bxe2
15. Qxe2 Qxg3+ 16. Kd2 Qf4+ 17. Kd1 Qd4+ 18. Kc2 Bxc3 19. bxc3 Qxd5 20. Bg2 Qd7
21. Rad1 Qf5+ 22. Kb2 Nd7 23. Bh3 Qg6 24. Bxd7+ Ke7 25. Rd6 Qg3 26. Rhd1 Rhd8
27. e6 f6 28. Qh5 Rf8 29. Qxc5 Kd8 30. Bb5+ Ke7 31. R6d3+ 1-0

[Event "C.to Europeo U10 femminile"]
[Site "Batumi GEO"]
[Date "2014.10.20"]
[Round "2"]
[White "Maciulaityte, Barbora"]
[Black "Sheikh, Samia Zannat"]
[WhiteElo "1446"]
[BlackElo "1617"]
[Result "1-0"]
[PlyCount "45"]
[EventDate "2014.10.19"]

1. e4 d6 2. d4 Nf6 3. Nc3 g6 4. Bc4 Bg7 5. Qe2 c6 6. e5 dxe5 7. dxe5 Nd5 8. Bd2
Bf5 9. O-O-O Be6 10. f4 Nd7 11. Nf3 h6 12. Rhg1 N7b6 13. Bb3 Qc7 14. g4 h5 15.
f5 hxg4 16. fxe6 gxf3 17. exf7+ Kd8 18. Qxf3 Qxe5 19. Rxg6 Kc7 20. Nxd5+ Nxd5
21. c3 Bh6 22. Bxh6 Rxh6 23. Rxh6 1-0

[Event "C.to Europeo U10 femminile"]
[Site "Batumi GEO"]
[Date "2014.10.21"]
[Round "3"]
[White "Sheikh, Samia Zannat"]
[Black "Nieto Rego, Ana"]
[WhiteElo "1617"]
[BlackElo "1711"]
[Result "1/2-1/2"]
[PlyCount "100"]
[EventDate "2014.10.19"]

1. d4 d5 2. c4 c6 3. Nc3 Nf6 4. Nf3 e6 5. Bg5 Nbd7 6. e3 Bd6 7. Bd3 h6 8. Bh4
O-O 9. O-O b6 10. e4 dxc4 11. Bxc4 e5 12. dxe5 Nxe5 13. Nxe5 Bxe5 14. Qxd8 Rxd8
15. Rad1 Rd4 16. Bxf6 Bxf6 17. Rxd4 Bxd4 18. Rd1 Bf6 19. f4 b5 20. Bb3 a6 21.
Rd6 c5 22. Nd5 c4 23. Nxf6+ gxf6 24. Rd8+ Kg7 25. Bc2 Bb7 26. Rxa8 Bxa8 27. e5
fxe5 28. fxe5 Kf8 29. Kf2 Ke7 30. Bf5 Bd5 31. a3 a5 32. g4 Be6 33. Ke3 h5 34.
h3 hxg4 35. hxg4 b4 36. Kd2 Bd5 37. g5 Kd8 38. Ke3 Ke7 39. Kd4 bxa3 40. bxa3
Be6 41. Bc2 Kd7 42. Kc5 Kc7 43. Be4 Kd7 44. Kb5 c3 45. Bc2 Kc7 46. Kc5 Kb7 47.
Kd4 Kc6 48. Ba4+ Kb6 49. Bc2 Kc6 50. a4 Kb6 1/2-1/2

[Event "C.to Europeo U10 femminile"]
[Site "Batumi GEO"]
[Date "2014.10.22"]
[Round "4"]
[White "Sych, Alina"]
[Black "Sheikh, Samia Zannat"]
[WhiteElo "1418"]
[BlackElo "1617"]
[Result "0-1"]
[PlyCount "78"]
[EventDate "2014.10.19"]

1. e4 d6 2. d4 Nf6 3. Nc3 g6 4. f4 Bg7 5. Nf3 c5 6. d5 O-O 7. Bd3 a6 8. a4 Re8
9. O-O e5 10. dxe6 fxe6 11. e5 Nd5 12. Nxd5 exd5 13. exd6 Qxd6 14. Re1 Rxe1+
15. Qxe1 Qe6 16. Qf2 c4 17. Be2 Nc6 18. c3 Qe4 19. Qe3 Qxe3+ 20. Bxe3 Bf5 21.
Rd1 Re8 22. Kf2 Rd8 23. Ng5 h6 24. Nf3 Bc2 25. Rd2 Bxa4 26. Bb6 Rd7 27. Bxc4
Ne7 28. Ba2 Bc6 29. Bc5 Nc8 30. Bb1 Kf7 31. Nh4 g5 32. fxg5 hxg5 33. Nf3 Bf6
34. Bf5 Rd8 35. Be3 Nd6 36. Bc2 Nc4 37. Nxg5+ Bxg5 38. Bxg5 Rg8 39. Re2 Rxg5
0-1

[Event "C.to Europeo U10 femminile"]
[Site "Batumi GEO"]
[Date "2014.10.23"]
[Round "5"]
[White "Sheikh, Samia Zannat"]
[Black "Sargsyan, Srbuhi"]
[WhiteElo "1617"]
[BlackElo "1506"]
[Result "1-0"]
[PlyCount "41"]
[EventDate "2014.10.19"]

1. d4 Nf6 2. c4 g6 3. Nc3 Bg7 4. Nf3 d6 5. Bg5 O-O 6. e3 h6 7. Bh4 Nbd7 8. Be2
c5 9. O-O Ne8 10. Ne1 g5 11. Bg3 f5 12. h4 cxd4 13. exd4 f4 14. Bh2 gxh4 15. c5
Ndf6 16. Bxf4 Ne4 17. Be3 dxc5 18. Nxe4 cxd4 19. Bc1 Bf5 20. Qb3+ Kh8 21. Nc5
1-0

[Event "C.to Europeo U10 femminile"]
[Site "Batumi GEO"]
[Date "2014.10.24"]
[Round "6"]
[White "Anghel, Maria"]
[Black "Sheikh, Samia Zannat"]
[WhiteElo "1521"]
[BlackElo "1617"]
[Result "1-0"]
[PlyCount "37"]
[EventDate "2014.10.19"]

1. e4 d6 2. d4 Nf6 3. Nc3 g6 4. Bg5 Bg7 5. Qe2 e5 6. dxe5 dxe5 7. Rd1 Nbd7 8.
Nf3 h6 9. Bh4 Qe7 10. Nd5 Qc5 11. b4 Qc6 12. Nxe5 Nxe5 13. b5 Bg4 14. Nxf6+
Bxf6 15. bxc6 Bxe2 16. cxb7 Rb8 17. Bxf6 Bxd1 18. Bxh8 Bxc2 19. Bxe5 1-0

[Event "C.to Europeo U10 femminile"]
[Site "Batumi GEO"]
[Date "2014.10.26"]
[Round "7"]
[White "Sheikh, Samia Zannat"]
[Black "Lomaia, Diana"]
[WhiteElo "1617"]
[BlackElo "1373"]
[Result "1/2-1/2"]
[PlyCount "89"]
[EventDate "2014.10.19"]

1. Nf3 c5 2. c4 d6 3. g3 Nf6 4. b3 g6 5. Bb2 Bg7 6. Bg2 O-O 7. O-O Nc6 8. d4
cxd4 9. Nxd4 Bd7 10. Nd2 a6 11. Ne4 Nxe4 12. Bxe4 Qb6 13. e3 Rac8 14. Nxc6 Bxc6
15. Bxg7 Kxg7 16. Bxc6 Qxc6 17. f4 Qc5 18. Qd4+ Kg8 19. Qxc5 dxc5 20. Rad1 Rfd8
21. Kf2 Kf8 22. Ke2 e6 23. e4 Ke7 24. Rxd8 Rxd8 25. Rd1 Rxd1 26. Kxd1 e5 27. a3
Ke6 28. Kd2 f5 29. Kd3 Kf6 30. b4 b6 31. fxe5+ Kxe5 32. exf5 gxf5 33. bxc5 bxc5
34. Ke3 a5 35. a4 Ke6 36. Kf3 Kf7 37. h3 Ke6 38. Ke2 Kf6 39. Kf3 Kg6 40. g4 Kg5
41. Kg3 fxg4 42. hxg4 Kf6 43. Kf4 h6 44. Ke4 Ke6 45. Kf4 1/2-1/2

[Event "C.to Europeo U12"]
[Site "Batumi GEO"]
[Date "2014.10.19"]
[Round "1"]
[White "Blohberger, Felix"]
[Black "Sonis, Francesco"]
[WhiteElo "1813"]
[BlackElo "2213"]
[Result "0-1"]
[PlyCount "104"]
[EventDate "2014.10.19"]

1. e4 c5 2. Nf3 d6 3. d4 cxd4 4. Nxd4 Nf6 5. Nc3 a6 6. Be2 e5 7. Nb3 Be7 8. Be3
Be6 9. Nd5 Nbd7 10. Qd3 Bxd5 11. exd5 b5 12. O-O O-O 13. a4 Qc7 14. Rfc1 Qb7
15. axb5 axb5 16. Rxa8 Rxa8 17. Qxb5 Qxd5 18. Qxd5 Nxd5 19. Bf3 N7f6 20. c4 Rb8
21. cxd5 Rxb3 22. Bg5 Rxb2 23. Bxf6 gxf6 24. Be4 Kg7 25. Rc8 Rd2 26. g4 f5 27.
gxf5 Bh4 28. Rc2 Bxf2+ 29. Kg2 Rd4 30. Kf3 Bh4 31. Rc7 Rb4 32. Rd7 Rb6 33. Rc7
Bd8 34. Rc3 Kf6 35. Kg4 Rb4 36. Re3 Bb6 37. Re2 Bg1 38. Kf3 h5 39. Kg2 Bc5 40.
Kg3 Bg1 41. Kh4 Bxh2 42. Kxh5 Rxe4 43. Rxe4 Kxf5 44. Re1 e4 45. Rf1+ Bf4 46.
Kh4 e3 47. Kh3 Ke4 48. Kg2 e2 49. Re1 Ke3 50. Ra1 Be5 51. Rh1 Kd2 52. Kf2 Bd4+
0-1

[Event "C.to Europeo U12"]
[Site "Batumi GEO"]
[Date "2014.10.19"]
[Round "1"]
[White "Di Benedetto, Edoardo"]
[Black "Brozel, Sacha"]
[WhiteElo "2153"]
[BlackElo "1784"]
[Result "1-0"]
[PlyCount "72"]
[EventDate "2014.10.19"]

1. e4 c5 2. Nf3 e6 3. c4 Nc6 4. Nc3 Be7 5. d4 cxd4 6. Nxd4 d6 7. Be3 Nf6 8. Qd2
O-O 9. f3 a6 10. O-O-O Bd7 11. Kb1 Ne5 12. Bf4 Rc8 13. Bxe5 dxe5 14. Nc2 Qb6
15. Be2 Rfd8 16. Qe1 Qc5 17. Qg1 Qa5 18. Qe1 Qc5 19. a3 b5 20. b4 Qc7 21. c5
Rb8 22. Rd2 a5 23. Qf2 Qb7 24. g4 Ra8 25. h4 Ra6 26. h5 Rda8 27. g5 Ne8 28.
Rxd7 Qxd7 29. Bxb5 Qb7 30. Bxa6 Rxa6 31. g6 fxg6 32. hxg6 h6 33. Rd1 axb4 34.
axb4 Rc6 35. Na4 Nc7 36. Nb6 Na8 1-0

[Event "C.to Europeo U12"]
[Site "Batumi GEO"]
[Date "2014.10.20"]
[Round "2"]
[White "Kamer, Kayra"]
[Black "Di Benedetto, Edoardo"]
[WhiteElo "1866"]
[BlackElo "2153"]
[Result "1/2-1/2"]
[PlyCount "51"]
[EventDate "2014.10.19"]

1. e4 e6 2. Nc3 d5 3. Nf3 Nf6 4. e5 Nfd7 5. d4 c5 6. dxc5 Nc6 7. Bf4 h6 8. h3
a6 9. a3 Bxc5 10. Bd3 O-O 11. O-O f6 12. exf6 Qxf6 13. Bg3 Nde5 14. Nxe5 Nxe5
15. Be2 Kh8 16. Kh1 Nc6 17. Bd3 Bd4 18. Qh5 Bxc3 19. bxc3 e5 20. Bh4 g5 21. Bg3
e4 22. Be2 Be6 23. f4 Bf7 24. Qg4 Be6 25. Qh5 Bf7 26. Qg4 1/2-1/2

[Event "C.to Europeo U12"]
[Site "Batumi GEO"]
[Date "2014.10.20"]
[Round "2"]
[White "Sonis, Francesco"]
[Black "Gasanov, Zaur"]
[WhiteElo "2213"]
[BlackElo "1895"]
[Result "0-1"]
[PlyCount "60"]
[EventDate "2014.10.19"]

1. e4 c5 2. Nf3 e6 3. c3 d5 4. exd5 Qxd5 5. d4 Nc6 6. Be2 Nf6 7. O-O Be7 8. Na3
O-O 9. Nb5 Qd8 10. dxc5 Bxc5 11. Nbd4 Nxd4 12. cxd4 Be7 13. Bd3 b6 14. Qe2 Bb7
15. Rd1 Rc8 16. Ba6 Bxa6 17. Qxa6 Nd5 18. Qxa7 Ra8 19. Qb7 Qd6 20. Ne5 Rfc8 21.
Be3 f6 22. Nd7 Rd8 23. Nc5 Rdb8 24. Qd7 bxc5 25. Qxd6 Bxd6 26. dxc5 Be5 27. c6
Rxb2 28. Rac1 Raxa2 29. Bd4 Bxd4 30. Rxd4 Rxf2 0-1

[Event "C.to Europeo U12"]
[Site "Batumi GEO"]
[Date "2014.10.21"]
[Round "3"]
[White "De Boer, Eelke"]
[Black "Sonis, Francesco"]
[WhiteElo "1795"]
[BlackElo "2213"]
[Result "1-0"]
[PlyCount "66"]
[EventDate "2014.10.19"]

1. e4 c5 2. Nf3 d6 3. d4 cxd4 4. Nxd4 Nf6 5. Nc3 a6 6. Be3 e5 7. Nb3 Be6 8. h3
Nbd7 9. g4 h6 10. Rg1 Rc8 11. Qd3 b5 12. O-O-O Bc4 13. Qd2 b4 14. Nd5 Bxf1 15.
Nxf6+ Nxf6 16. Rgxf1 Qc7 17. Qd3 Be7 18. Kb1 Qc6 19. Nd2 Qb7 20. f4 a5 21. g5
Nd7 22. Nc4 Qc6 23. Nxd6+ Qxd6 24. Qxd6 Bxd6 25. Rxd6 hxg5 26. fxg5 Rxh3 27.
Bg1 Rh1 28. Rfd1 Rc7 29. Ra6 Rh4 30. Rxa5 Rxe4 31. a4 Rec4 32. Rd2 Rg4 33. Bf2
Rb7 1-0

[Event "C.to Europeo U12"]
[Site "Batumi GEO"]
[Date "2014.10.21"]
[Round "3"]
[White "Di Benedetto, Edoardo"]
[Black "Lomandong, Marc-Antoine"]
[WhiteElo "2153"]
[BlackElo "1847"]
[Result "1-0"]
[PlyCount "29"]
[EventDate "2014.10.19"]

1. e4 e5 2. Nf3 Nc6 3. Bb5 a6 4. Ba4 Nf6 5. O-O Be7 6. Bxc6 dxc6 7. d3 Bg4 8.
h3 Bxf3 9. Qxf3 Qd7 10. Nd2 O-O-O 11. Nc4 Qe6 12. b3 Nd7 13. Bb2 f6 14. Rad1
Bc5 15. Rfe1 1-0

[Event "C.to Europeo U12"]
[Site "Batumi GEO"]
[Date "2014.10.22"]
[Round "4"]
[White "Petriashvili, Nikoloz"]
[Black "Di Benedetto, Edoardo"]
[WhiteElo "1940"]
[BlackElo "2153"]
[Result "1/2-1/2"]
[PlyCount "30"]
[EventDate "2014.10.19"]

1. e4 e6 2. d4 d5 3. Nc3 Nf6 4. Bg5 Bb4 5. e5 h6 6. Bd2 Bxc3 7. bxc3 Ne4 8. Qg4
Kf8 9. Bd3 Nxd2 10. Kxd2 c5 11. Nf3 c4 12. Be2 Nc6 13. h4 Rb8 14. Qf4 b5 15. g3
g6 1/2-1/2